Managers and magic

Uloženo v:
Podrobná bibliografie
Hlavní autor: Cleverley, Graham
Médium: Kniha
Jazyk:Undetermined
Vydáno: New York Dutton 1973
Témata:
Tagy: Přidat tag
Žádné tagy, Buďte první, kdo otaguje tento záznam!
Thư viện lưu trữ: Trung tâm Học liệu Trường Đại học Cần Thơ
LEADER 00496nam a2200193Ia 4500
001 CTU_43900
008 210402s9999 xx 000 0 und d
020 |c 4.95 
082 |a 658.4 
082 |b C635 
100 |a Cleverley, Graham 
245 0 |a Managers and magic 
245 0 |c Graham Cleverley 
260 |a New York 
260 |b Dutton 
260 |c 1973 
650 |a Industrial management,Management 
904 |i Minh,H. Mai 
980 |a Trung tâm Học liệu Trường Đại học Cần Thơ